A rather long Maths quiz - Statistics

General Stats
  • This quiz has been taken 95 times
  • The average score is 11 of 15
Answer Stats
Question Answer % Correct
What is an equivalent fraction for 6/9? 2/3
94%
I have 3 goats and you have 4 goats and we start a farm but on the way two goats die but 1 goat is born and we buy 7. How many goats do we have on our farm? 13
83%
What number might be called unlucky? 13
78%
If A+8=B B+A=16 B+1=13 Then what does A equals? 4
78%
What is a Carroll diagram A graph for showing information similar to a Venn diagram.
78%
If Z+F=422 Z+24=80 F-310=Z What does F and Z equal? F=366 Z=56
78%
Which set of numbers only contains primes? 17,19,23,29
72%
Which number has the most factors. 42
72%
What is a Fraction? A part of a whole.
72%
What does it mean to square a number? Times it by itself.
72%
Which set of numbers has no primes within it? 21,26,9,33
67%
I have 3 sides, 3 angles, and one of my angles = 90 degrees. What shape am I? Right angled triangle.
67%
What is 26 Cubed? 17576
61%
What is the only number which could be called a place holder? 0
50%
What is the square route of -1? i
44%
No matching quizzes found
Score Distribution
Percent of People with Each Score
Percentile by Number Answered
Your Score History
You have not taken this quiz